[Event "Barcelona Sants op 21st"]
[Site "Barcelona"]
[Date "2019.08.29"]
[Round "7"]
[White "Salinas Herrera, Pablo Patricio"]
[Black "Neef, Maximilian"]
[Result "0-1"]
[WhiteElo "2506"]
[BlackElo "2481"]
[PlyCount "104"]
[EventDate "2019.08.23"]
[EventType "swiss"]
[EventRounds "10"]
[EventCountry "ESP"]
[SourceTitle "EXT 2020"]
[Source "ChessBase"]
[SourceDate "2019.10.17"]
[SourceVersion "1"]
[SourceVersionDate "2019.10.17"]
[SourceQuality "1"]

1. d4 Nf6 2. c4 g6 3. Nc3 Bg7 4. e4 d6 5. h3 0-0 6. Be3 Na6 7. g4 c5 8. Nge2 cxd4 9. Nxd4 b6 10. Bg2 Bb7 11. 0-0 Nc5 12. Qc2 Rb8 13. Rad1 Ncd7 14. f4 Qc8 15. Nd5 Re8 16. Rfe1 a6 17. a4 e6 18. Nxf6+ Nxf6 19. Bf2 Qc7 20. b3 Ba8 21. Qe2 e5 22. fxe5 Rxe5 23. Bg3 Rxe4 24. Bxe4 Nxe4 25. Qe3 Nxg3 26. Qxg3 Be5 27. Rxe5 dxe5 28. Re1 Re8 29. Nc2 Qc5+ 30. Ne3 Rd8 31. Qf2 Rd3 32. g5 Qd4 33. Kh2 Rd2 34. Re2 Qf4+ 35. Kg1 Qxg5+ 36. Ng4 Rxe2 37. Qxe2 h5 38. Qxe5 Qc1+ 39. Kf2 Qd2+ 40. Kg3 Qg2+ 41. Kh4 hxg4 42. hxg4 Qf2+ 43. Kg5 Qd2+ 44. Kh4 Qd8+ 45. g5 a5 46. c5 bxc5 47. Qxc5 Qd5 48. Qc8+ Kh7 49. Qf8 Qe4+ 50. Kg3 Qf3+ 51. Kh4 Qf4+ 52. Kh3 Bf3 0-1

[Event "Barcelona Sants op 21st"]
[Site "Barcelona"]
[Date "2019.08.26"]
[Round "4"]
[White "Neef, Maximilian"]
[Black "Percivaldi, Martin"]
[Result "1-0"]
[WhiteElo "2481"]
[BlackElo "2391"]
[PlyCount "89"]
[EventDate "2019.08.23"]
[EventType "swiss"]
[EventRounds "10"]
[EventCountry "ESP"]
[SourceTitle "EXT 2020"]
[Source "ChessBase"]
[SourceDate "2019.10.17"]
[SourceVersion "1"]
[SourceVersionDate "2019.10.17"]
[SourceQuality "1"]

1. Nf3 Nf6 2. g3 b6 3. Bg2 Bb7 4. 0-0 g6 5. d4 Bg7 6. c4 e6 7. Bf4 0-0 8. Qc2 a5 9. Nc3 Na6 10. e4 d5 11. cxd5 exd5 12. e5 Ne4 13. Rad1 Nxc3 14. bxc3 Qd7 15. Rfe1 c6 16. h4 Nc7 17. Qb1 b5 18. h5 Rfe8 19. Ng5 Bc8 20. Bh3 Qd8 21. e6 Nxe6 22. Bxe6 Bxe6 23. hxg6 hxg6 24. Rxe6 Rxe6 25. Nxe6 fxe6 26. Qxg6 Qf6 27. Qg4 Qf5 28. Qe2 Kf7 29. Bc7 a4 30. g4 Qh7 31. Re1 Qh6 32. Qf3+ Bf6 33. Be5 Rh8 34. Kg2 Ke7 35. Bxf6+ Qxf6 36. Qg3 Kf7 37. a3 Rg8 38. Rh1 Qg6 39. Qc7+ Kf8 40. Qd6+ Kf7 41. Qc7+ Kf6 42. f3 Qc2+ 43. Kg3 Rxg4+ 44. fxg4 Qd3+ 45. Kh4 1-0

[Event "Bundesliga 1819"]
[Site "Germany"]
[Date "2018.12.16"]
[Round "6.5"]
[White "Neef, Maximilian"]
[Black "Saltaev, Mihail"]
[Result "1/2-1/2"]
[WhiteElo "2479"]
[BlackElo "2471"]
[PlyCount "40"]
[EventDate "2018.11.10"]
[EventType "team-tourn"]
[EventRounds "15"]
[EventCountry "GER"]
[SourceTitle "CBM 187 Extra"]
[Source "ChessBase"]
[SourceDate "2018.11.04"]
[SourceVersion "1"]
[SourceVersionDate "2018.11.04"]
[SourceQuality "1"]
[WhiteTeam "Dresden TU"]
[BlackTeam "Muelheim Nord"]
[WhiteTeamCountry "GER"]
[BlackTeamCountry "GER"]

1. Nf3 d5 2. g3 Nf6 3. Bg2 e6 4. 0-0 Be7 5. c4 0-0 6. b3 b6 7. cxd5 exd5 8. d4 Bb7 9. Bb2 Na6 10. Nc3 Re8 11. Rc1 Bf8 12. e3 c5 13. Re1 Nc7 14. Re2 Rc8 15. Rd2 Ba8 16. dxc5 bxc5 17. Nh4 Qe7 18. Na4 Ne4 19. Rdc2 Na6 20. Ba3 Qb7 1/2-1/2